Dopyt po udržateľnom cestovnom ruchu

Vnímanie udržateľného cestovného ruchu návštevníkmi. Výsledky prieskumu uskutočneného výskumným inštitútom IPK International v Mníchove. Významné skutočnosti, ku ktorým výskumníci dospeli.

Salvato in:
Dettagli Bibliografici
Autore principale: Lencsésová, Zuzana
Natura: Capitolo di libro
Lingua:slovacco
Soggetti:
Tags: Aggiungi Tag
Nessun Tag, puoi essere il primo ad aggiungerne!!

MARC

LEADER 00000naa a2200000 4500
001 0191553
005 20231016074726.7
041 0 |a slo 
044 |a SK 
245 1 0 |a Dopyt po udržateľnom cestovnom ruchu  |c Zuzana Lencsésová 
520 |a Vnímanie udržateľného cestovného ruchu návštevníkmi. Výsledky prieskumu uskutočneného výskumným inštitútom IPK International v Mníchove. Významné skutočnosti, ku ktorým výskumníci dospeli. 
610 2 0 |a ruch cestovný 
610 2 0 |a rozvoj trvalo udržateľný 
610 2 0 |a výskum 
100 1 |a Lencsésová, Zuzana